Một số vấn đề về đổi mới quản lí giáo dục tiểu học vì sự phát triển bền vững : Tài liệu bồi dưỡng hiệu trưởng trường tiểu học và cán bộ quản lí giáo dục tiểu học /

Shranjeno v:
Bibliografske podrobnosti
Drugi avtorji: Đặng Huỳnh Mai (chủ biên.)
Format: Sách giấy
Jezik:Vietnamese
Izdano: H. : Giáo dục, 2006.
Serija:Dự án phát triển giáo viên tiểu học
Teme:
Oznake: Označite
Brez oznak, prvi označite!
Thư viện lưu trữ: Thư viện Trường Đại học Đà Lạt
LEADER 01122nam a2200313 4500
001 DLU120133209
005 ##20120403
040 # # |a DLU  |b vie 
041 # # |a vie 
044 # # |a vn 
082 # # |a 372.12  |b Mot 
245 # # |a Một số vấn đề về đổi mới quản lí giáo dục tiểu học vì sự phát triển bền vững :  |b Tài liệu bồi dưỡng hiệu trưởng trường tiểu học và cán bộ quản lí giáo dục tiểu học /  |c Đặng Huỳnh Mai chủ biên 
246 # # |a Một số vấn đề về đổi mới quản lý giáo dục tiểu học vì sự phát triển bền vững 
260 # # |a H. :  |b Giáo dục,  |c 2006. 
300 # # |a 147 tr. ;  |c 29 cm. 
490 # # |a Dự án phát triển giáo viên tiểu học 
650 # # |a Giáo dục tiểu học  |x Phương hướng và mục tiêu. 
700 # # |a Đặng Huỳnh Mai,  |e chủ biên. 
923 # # |a 01/2012SP 
991 # # |a GT 
992 # # |a 0 
994 # # |a KSP 
900 # # |a True 
911 # # |a Nguyễn Thanh Hương 
925 # # |a G 
926 # # |a A 
927 # # |a SH 
980 # # |a Thư viện Trường Đại học Đà Lạt